00445nam a2200157Ia 450000500170000000800410001708200130005810000210007124500130009226000310010530000130013665000180014994200060016795200990017399900150027220250313121210.0240331s9999 xx 000 0 und d bGANa894 aGanesalingham, S 0aOra inam aChennaibPari Centrec1960 a135 p ., aShort Stories cL 001040708LaWERCLbWERCLcSSCd2024-03-31l0o 894.811 GANp5395r2024-03-31w2024-03-31yL c3993d3993